| 000 | 00455nam a2200181Ia 4500 | ||
|---|---|---|---|
| 001 | 17729 | ||
| 005 | 20260306171538.0 | ||
| 008 | 260306s9999||||xx |||||||||||||| ||und|| | ||
| 041 | _aESP | ||
| 082 |
_a658.15 _bR78 |
||
| 100 |
_aRojo Ramirez, Afonso A _eAUT |
||
| 245 | 0 | _aValoracion de empresas y gestión basada en valor | |
| 260 | _c2008 | ||
| 300 |
_axvi, 338 páginas : _c26 cm. |
||
| 650 | _aGEN | ||
| 654 | _aCAN | ||
| 942 |
_cLIB _dJUS _fJUS _2ddc _n |
||
| 999 |
_c17729 _d17729 |
||